LEADER 01296nam2 22003253i 450 001 LO10730199 005 20231121125522.0 100 $a20050201g1983 ||||0itac50 ba 101 | $aita 102 $ait 181 1$6z01$ai $bxxxe 182 1$6z01$an 200 1 $aTraduzioni$fVittorio Alfieri$gedizione critica a cura di Marziano Guglielminetti, Mariarosa Masoero, Claudio Sensi 210 $aAsti$cCasa d'Alfieri 215 $a v.$d25 cm. 461 1$1001CFI0010909$12001 $aOpere di Vittorio Alfieri da Asti$v36-38 463 1$1001LO10730204$12001 $a˜4: œTeatro greco$fVittorio Alfieri$ga cura di Claudio Sensi$v4 463 1$1001RML0272358$12001 $a˜2.: œEneide$fVittorio Alfieri$ga cura di Mariarosa Masoero e Claudio Sensi 463 1$1001RML0272359$12001 $a˜3.: œTerenzio$fVittorio Alfieri$ga cura di Mariarosa Masoero 700 1$aAlfieri$b, Vittorio$f <1749-1803>$3CFIV000280$4070$0292812 702 1$aGuglielminetti$b, Marziano$3CFIV003084 801 3$aIT$bIT-01$c20050201 850 $aIT-FR0017 899 $aBiblioteca umanistica Giorgio Aprea$bFR0017 912 $aLO10730199 950 2$aBiblioteca umanistica Giorgio Aprea$d 52MAG 3/265-38.2 967 $m3 977 $a 52 996 $aTraduzioni$9472387 997 $aUNICAS LEADER 00914cam0 22002771 450 001 SOBE00082674 005 20250417141929.0 100 $a20250416d1959 |||||ita|0103 ba 101 $afre 102 $aFR 200 1 $aArles$fFernand Benoit$gcouverture de Jean Dieuzaide 210 $aParis$cAlpina$d1959 215 $a61 p.$cill.$d18 cm 225 2 $aFrance illustrée 410 1$1001SOBE00082675$12001 $aLa *France illustrée 500 10$aArles$3SOBA00033169$94350942 700 1$aBenoit$b, Fernand$3SOBA00033168$4070$0172449 801 0$aIT$bUNISOB$c20250417$gRICA 850 $aUNISOB 852 $aUNISOB$jFondo|Calì$m182525 912 $aSOBE00082674 940 $aM 102 Monografia moderna SBN 941 $aM 957 $aFondo|Calì$b000352$gSI$d182525$n20250324$hCali$rDono$tD$1rovito$2UNISOB$3UNISOB$420250416104927.0$520250417141929.0$6menle 996 $aArles$94350942 997 $aUNISOB